Apartmány Technik (Univerzitné centrum s ubytovaním)

Saved in:
Bibliographic Details
Main Author: Havranová, Alexandra (Author)
Other Authors: Andráš, Milan, 1953- (Thesis advisor)
Format: Manuscript Book
Language:Slovak
Published: Bratislava 2015
Subjects:
Online Access:http://is.stuba.sk/zp/portal_zp.pl?podrobnosti=94060
Tags: Add Tag
No Tags, Be the first to tag this record!

MARC

LEADER 00000ntm a22000003a 4500
001 stuzp51917
003 SK-STU
005 20210301081352.5
007 ta
008 150427s2015----xo-----f-mn---000-0-slo-d
040 |a STU  |b slo 
041 0 |a slo 
100 1 |a Havranová, Alexandra  |u 058180  |4 aut  |U FAD Fakulta architektúry  |T FA Ústav architektúry občianskych budov  |X 62141  |U A8180  |Y 399  |7 62141 
242 0 1 |a 'Apartmány Technik'  |y eng 
245 1 0 |a Apartmány Technik (Univerzitné centrum s ubytovaním) 
260 |c 2015  |a Bratislava 
650 4 |a apartmány Technik  |2 slo 
650 4 |a občianska vybavenosť  |2 slo 
650 4 |a architektúra a urbanizmus  |2 slo 
650 4 |a univerzitný komplex  |2 slo 
650 4 |a prechodné ubytovanie  |2 slo 
650 4 |a 'Apartmány Technik'  |2 eng 
650 4 |a amenities  |2 eng 
650 4 |a architecture and urban planning  |2 eng 
650 4 |a university centre  |2 eng 
650 4 |a temporary accomodation  |2 eng 
700 1 |a Andráš, Milan,  |d 1953-  |4 ths  |X 4208  |7 A000004208 
856 4 |u http://is.stuba.sk/zp/portal_zp.pl?podrobnosti=94060  |u https://opac.crzp.sk/?fn=detailBiblioForm&sid=367CD704F5D5570C76E0F3DE3652 
SQL |a stuzp51917  |b DBP  |c SLO  |d Apartmány Technik (Univerzitné centrum s ubytovaním)  |e 62141  |f Havranová, Alexandra  |g 058180  |h 4208  |i Andráš, Milan  |j 20150612  |k 149  |l 05  |m http://is.stuba.sk/zp/portal_zp.pl?podrobnosti=94060  |n B-AU  |o 5.1.1. architektúra a urbanizmus